000 00632nam a2200181Ia 4500
008 220216s9999 xx 000 0 und d
100 _aJayasree P.K.
245 0 _aEffect of cytokinins on in vitro germination of Hevea somatic embryos
260 _bIn: Biotechnology and rubber tree: Proceedings of IRRDB Symposium, 25-28 September 2001, CIRAD, Montpellier, France, pp. 106-109.
_c2001
650 _aCytokinin effect
650 _aEmbryo germination
650 _aEmbryo induction
650 _aPlant regeneration
650 _aSomatic embryogenesis
700 _aSunitha S.S.
700 _aThulaseedharan A.
942 _cBS
999 _c52521
_d52521